1900 1585 1933 1464 1491 1201 1717 1837 1775 1188 1964 1480 1182 1410 1574 1526 1023 1404 1969 1346 1861 1453 1147 1010 1881 1118 1115 1641 1998 1522 1543 1045 1158 1521 1317 1587 1415 1755 1330 1484 1964 1054 1201 1377 1746 1772 1948 1854 1266 1232 1242 1762 1859 1219 1281 1400 1306 1322 1149 1707 1599 1183 1295 1652 1412 1145 1704 1311 1422 1752 1234 1947 1606 1048 1970 1651 1234 1113 1873 1091 1649 1940 1143 1915 1782 1269 1819 1556 1485 1180 1361 1022 1666 1125 1901 1823 1454 1903 1013 BCNSPRNW ULIB Ver.6.0+V

เปลี่ยนเป็นภาษาไทย

Change to English
 แสดงรายละเอียดบรรณานุกรม
  กลับหน้าหลัก

Brief Record : Get Marc (ISO 2709) : E-mail record : QR code < ปิดหน้าต่าง
LEADER : 00000nam 2200000uu 4500
001    13399108850
003     ULIB
008    110315s2551||||th 000 0 tha d
020    9789740511359
060 04 W225.JT3^bส691ค 2551
245 00 คู่มือหลักประกันสุขภาพแห่งชาติ ปีงบประมาณ 2551 /^cสำนักงานหลักประกันสุขภาพแห่งชาติ
246 14 คู่มือหลักประกันสุขภาพแห่งชาติ
250    พิมพครั้งที่ 1
260    นนทบุรี :^bสำนักงาน,^c2551
300    470 หน้า ;^c26 ซม.
650  7 บริการสุขภาพ^vคู่มือ
650  7 ประกันสุขภาพ^vคู่มือ
653    หลักประกันสุขภาพแห่งชาติ
710 2  สำนักงานหลักประกันสุขภาพแห่งชาติ
945    ^p0^l0^i023420
945    ^p0^l0^i023419
995     ทศพร
999 ^a ใช้งานได้ทุกระบบ
รายการนี้ยังไม่มีแท็ก
คุณยังไม่ได้ล็อกอิน คุณสามารถมีกิจกรรมร่วมกับเว็บไซต์ได้ แต่ต้องล็อกอินก่อน ::
  ล็อกอิน

รายการสื่อสารสนเทศ

ลำดับที่ ประเภท เลขเรียก/บาร์โค้ด สถานที่ สถานะ
- ไม่พบข้อมูล -

BibComment


ยังไม่เคยถูกคอมเมนท์

คอมเมนท์ทรัพยากรรายการนี้
  คอมเมนท์: คู่มือหลักประกันส..


 Copyright 2026. Bcnsprnw @Library